000 00538nam a2200181 i 4500
001 35957
003 ES-MaACL
007 t|
008 030214s1921 fr ||||1| fre d
100 1 _aBourdeau, Jean.
_930955
245 1 0 _aTolstoï, Lenine et la Revolution Russe /
_cpar J. Bourdeau.
260 _aParís :
_bFélix Alcan,
_c1921.
300 _a225 p. ;
_c19 cm.
490 1 _aBibliothèque d'histoire contemporaine
830 0 _aBibliothèque d'histoire contemporaine
_9180875
852 _aES-MaACL
_jG-7431
999 _c35957
_d35957